Missing Word: #1 Hits of 1961 Quiz Stats

 Plays Quiz Updated Sep 12, 2017

Challenge
Share
Tweet
Embed
Score 0/14 Timer 03:00
0 Plays Today
Song Missing Word % Correct
Hit the _____ JackRoad
97.2%
The _____ Sleeps TonightLion
97.2%
Take Good _____ of My BabyCare
97.1%
Are You Lonesome _____?Tonight
95.6%
Will You _____ Me TomorrowLove
93.7%
_____-in-LawMother
91%
Please Mr. ______Postman
89.6%
Song Missing Word % Correct
Travelin' _____Man
88.5%
Runaround ____Sue
85.1%
Big ____ JohnBad
83.7%
_____ MoonBlue
82.8%
_____ and Turnin'Tossin'
68.7%
Quarter to _____Three
60.4%
Running _____Scared
42.1%

Today's Daily Dose

Missing Word
Entertainment 'L'

Word Ladder
Fingers

Quick Pick
When in Rome

On This Day
December 15th II

You're not logged in!

Compare scores with friends on all Sporcle quizzes.
OR
Log In

You Might Also Like...

Show Comments

Extras

Top Quizzes Today


Score Distribution

Your Account Isn't Verified!

In order to create a playlist on Sporcle, you need to verify the email address you used during registration. Go to your Sporcle Settings to finish the process.

Report this User

Report this user for behavior that violates our Community Guidelines.

Details: